000 00213nam a2200097Ia 4500
008 240331s9999 xx 000 0 und d
082 _bKRI
100 _aKirushnan,P
245 0 _aAkkirakaarattil periyaar
942 _cL
999 _c4685
_d4685